[Event "Leipzig VfB op 18th"]
[Site "Leipzig"]
[Date "2011.03.23"]
[Round "3"]
[White "Lehmann, Lothar"]
[Black "Theer, Tino"]
[Result "1/2-1/2"]
[WhiteElo "1928"]
[BlackElo "1584"]
[PlyCount "88"]
[EventDate "2011.03.20"]
[EventType "swiss"]
[EventRounds "9"]
[EventCountry "GER"]
[SourceTitle "CBM 141 Extra"]
[Source "ChessBase"]
[SourceDate "2011.05.03"]
[SourceVersion "1"]
[SourceVersionDate "2011.05.03"]
[SourceQuality "1"]

1. e4 c5 2. Nf3 g6 3. d4 Bg7 4. Nc3 cxd4 5. Nxd4 Nc6 6. Be3 d6 7. Qd2 Nf6 8. f3 0-0 9. 0-0-0 Nxd4 10. Bxd4 Be6 11. Nd5 Bxd5 12. exd5 a6 13. Bc4 b5 14. Bb3 a5 15. a4 Qd7 16. axb5 Qxb5 17. Qd3 Qd7 18. Rhe1 Rfc8 19. Re2 a4 20. Bc4 a3 21. bxa3 Qa4 22. Bb5 Qxa3+ 23. Qxa3 Rxa3 24. Bc6 Rb8 25. f4 Kf8 26. Rde1 Ng8 27. Bxg7+ Kxg7 28. Kd2 Ra2 29. Kd3 Rab2 30. Ba4 Rb1 31. Bb3 Rxe1 32. Rxe1 Kf6 33. Kd4 Rb4+ 34. Bc4 h5 35. Re2 Nh6 36. Kc3 Rb8 37. Bd3 Rb7 38. g3 Nf5 39. Be4 Ng7 40. h3 Rb8 41. g4 hxg4 42. hxg4 Ne8 43. Bd3 Rb7 44. Be4 Kg7 1/2-1/2

[Event "Leipzig VfB op 18th"]
[Site "Leipzig"]
[Date "2011.03.23"]
[Round "2"]
[White "Theer, Tino"]
[Black "Herfurth, Thomas"]
[Result "1-0"]
[WhiteElo "1584"]
[BlackElo "1873"]
[PlyCount "51"]
[EventDate "2011.03.20"]
[EventType "swiss"]
[EventRounds "9"]
[EventCountry "GER"]
[SourceTitle "CBM 141 Extra"]
[Source "ChessBase"]
[SourceDate "2011.05.03"]
[SourceVersion "1"]
[SourceVersionDate "2011.05.03"]
[SourceQuality "1"]

1. Nf3 d5 2. d4 Nf6 3. c4 c6 4. Nc3 e6 5. e3 Nbd7 6. Bd3 Bd6 7. 0-0 0-0 8. e4 dxe4 9. Nxe4 Nxe4 10. Bxe4 Nf6 11. Bc2 b6 12. Qd3 Bb7 13. Bg5 g6 14. Rad1 Be7 15. a3 Qc7 16. Qe3 Rad8 17. Qe5 Qxe5 18. dxe5 Kg7 19. exf6+ Bxf6 20. Bxf6+ Kxf6 21. Rxd8 Rxd8 22. Rd1 Rb8 23. Rd7 h6 24. Be4 e5 25. Rc7 Rd8 26. h3 1-0